<?xml version="1.0" encoding="UTF-8"?>
<record
    xmlns:xsi="http://www.w3.org/2001/XMLSchema-instance"
    xsi:schemaLocation="http://www.loc.gov/MARC21/slim http://www.loc.gov/standards/marcxml/schema/MARC21slim.xsd"
    xmlns="http://www.loc.gov/MARC21/slim">

  <leader>02361nam a2200265 i 4500</leader>
  <controlfield tag="003">DO-SdBNP</controlfield>
  <controlfield tag="005">20240708105915.0</controlfield>
  <controlfield tag="007">ta</controlfield>
  <controlfield tag="008">240708s1985    sp            000 j spa d</controlfield>
  <datafield tag="020" ind1=" " ind2=" ">
    <subfield code="a">8472233480</subfield>
  </datafield>
  <datafield tag="040" ind1=" " ind2=" ">
    <subfield code="a">DO-SdBNP</subfield>
    <subfield code="b">spa</subfield>
    <subfield code="c">BNPHU</subfield>
    <subfield code="e">rda</subfield>
  </datafield>
  <datafield tag="082" ind1=" " ind2=" ">
    <subfield code="b">A719</subfield>
    <subfield code="2">22</subfield>
  </datafield>
  <datafield tag="100" ind1=" " ind2=" ">
    <subfield code="a">Arjona, Rafael</subfield>
    <subfield code="9">11765</subfield>
    <subfield code="e">autor</subfield>
  </datafield>
  <datafield tag="245" ind1="1" ind2="3">
    <subfield code="a">El matarife /</subfield>
    <subfield code="c">Rafael Arjona</subfield>
  </datafield>
  <datafield tag="264" ind1=" " ind2="1">
    <subfield code="a">Barcelona, Espa&#xF1;a :</subfield>
    <subfield code="b">TusQuets editores,</subfield>
    <subfield code="c">1985.</subfield>
  </datafield>
  <datafield tag="300" ind1=" " ind2=" ">
    <subfield code="a">157 p&#xE1;ginas,  </subfield>
    <subfield code="c">20 cm.</subfield>
  </datafield>
  <datafield tag="336" ind1=" " ind2=" ">
    <subfield code="2">rdacontent</subfield>
    <subfield code="a">texto</subfield>
    <subfield code="b">txt</subfield>
  </datafield>
  <datafield tag="337" ind1=" " ind2=" ">
    <subfield code="2">rdamedia</subfield>
    <subfield code="a">sin mediaci&#xF3;n </subfield>
    <subfield code="b">n</subfield>
  </datafield>
  <datafield tag="338" ind1=" " ind2=" ">
    <subfield code="2">rdacarrier</subfield>
    <subfield code="a">volumen</subfield>
    <subfield code="b">nc</subfield>
  </datafield>
  <datafield tag="490" ind1="1" ind2=" ">
    <subfield code="a">La sonrisa vertical</subfield>
    <subfield code="a">Er&#xF3;tica</subfield>
    <subfield code="v">45</subfield>
  </datafield>
  <datafield tag="520" ind1=" " ind2=" ">
    <subfield code="a">El matarife es quiz&#xE1;s una de las novelas m&#xE1;s profunda y genuinamente hispanas que se hayan publicado en esta colecci&#xF3;n, aunque probablemente sus referencias literarias inmediatas remitan a autores tan universales como Georges Bataille o Witold Gombrowicz, por ejemplo. Arranca, de hecho, de fantas&#xED;as muy arraigadas en el alma de una Espa&#xF1;a remota, casi m&#xED;tica, estigmatizada por una especial vivencia del sexo, de la sangre y de la muerte.  &#xAB;Cuando mat&#xE9; mi primera ternera, no ten&#xED;a m&#xE1;s que diecinueve a&#xF1;os. Lo hice porque, desde mi nacimiento, estaba destinado a ser matarife, como entonces lo era mi padre y como antes lo hab&#xED;an sido mi abuelo y mi bisabuelo.&#xBB; Hijo enclenque de un padre &#xAB;inmenso&#xBB;, terrible, tuvo que someterse al ritual sangriento del relevo&#x2014;la alternativa, dir&#xED;an los taur&#xF3;macos&#x2014;en el oficio familiar. Pero, contrariamente al padre, el hijo no tarda en convertir el acto brutal y mec&#xE1;nico de dar muerte en una grandiosa ceremonia org&#xE1;smica, en la que sangre y gozo se funden en un &#xE9;xtasis sin l&#xED;mites. A partir de este estallido inici&#xE1;tico, el lector se sentir&#xE1;, &#xE9;l tambi&#xE9;n, capaz de cualquier exceso, hasta el de desear y amar a cada una de las dulces terneras que, poco despu&#xE9;s, junto al protagonista, rematar&#xE1; violentamente en pleno paroxismo de los sentidos. No obstante, una ma&#xF1;ana, viene a ensombrecer este Para&#xED;so el primer indicio de compasi&#xF3;n, de culpa. Y, cuando por fin parece haber vencido esta insostenible debilidad, vuelve, irrefrenable, a sus delirantes org&#xED;as hasta que, en una tarde lluviosa, encuentra a una extra&#xF1;a joven que le cautiva. . .</subfield>
  </datafield>
  <datafield tag="590" ind1=" " ind2=" ">
    <subfield code="a">Inventariado, 2024/ YL</subfield>
  </datafield>
  <datafield tag="910" ind1=" " ind2=" ">
    <subfield code="a">YLockward</subfield>
  </datafield>
  <datafield tag="942" ind1=" " ind2=" ">
    <subfield code="2">ddc</subfield>
    <subfield code="c">LBS1</subfield>
  </datafield>
  <datafield tag="952" ind1=" " ind2=" ">
    <subfield code="0">0</subfield>
    <subfield code="1">0</subfield>
    <subfield code="2">ddc</subfield>
    <subfield code="5">6</subfield>
    <subfield code="7">0</subfield>
    <subfield code="8">GR</subfield>
    <subfield code="a">BNPHU</subfield>
    <subfield code="b">BNPHU</subfield>
    <subfield code="c">CT</subfield>
    <subfield code="d">2008-07-01</subfield>
    <subfield code="e">Donaci&#xF3;n </subfield>
    <subfield code="l">0</subfield>
    <subfield code="o">A719</subfield>
    <subfield code="p">2024-4256</subfield>
    <subfield code="r">2024-07-08</subfield>
    <subfield code="w">2024-07-08</subfield>
    <subfield code="y">LBS1</subfield>
  </datafield>
  <datafield tag="999" ind1=" " ind2=" ">
    <subfield code="c">57197</subfield>
    <subfield code="d">57197</subfield>
  </datafield>
</record>
